[Event "SWE-chT 1920 Elite"]
[Site "Sweden"]
[Date "2019.10.20"]
[Round "3.1"]
[White "Fraenkel, Mikael Andersson"]
[Black "Kucuksari, Kaan"]
[Result "0-1"]
[WhiteElo "2040"]
[BlackElo "2319"]
[PlyCount "78"]
[EventDate "2019.10.18"]
[EventType "team-tourn"]
[EventRounds "9"]
[EventCountry "SWE"]
[SourceTitle "CBM 192 Extra"]
[Source "Chessbase"]
[SourceDate "2019.11.06"]
[SourceVersion "1"]
[SourceVersionDate "2019.11.06"]
[SourceQuality "1"]
[WhiteTeam "Burgsvik Alva"]
[BlackTeam "Lunds"]
[WhiteTeamCountry "SWE"]
[BlackTeamCountry "SWE"]

1. e4 c5 2. Nf3 e6 3. d3 d5 4. Nbd2 Nc6 5. g3 g6 6. Bg2 Bg7 7. 0-0 Nge7 8. Re1 0-0 9. Qe2 b5 10. Nf1 b4 11. h4 dxe4 12. dxe4 e5 13. c3 a5 14. Ne3 Ba6 15. Nc4 a4 16. Bg5 Na5 17. Nfd2 a3 18. b3 bxc3 19. Nb1 f6 20. Be3 Nxc4 21. bxc4 Qa5 22. Qc2 Bxc4 23. Qxc3 Qxc3 24. Nxc3 Rfc8 25. Rec1 Bf8 26. Nd1 Be6 27. Bxc5 Nc6 28. Bxf8 Kxf8 29. Ne3 Nd4 30. Rxc8+ Rxc8 31. Nd5 Bxd5 32. exd5 Rc1+ 33. Rxc1 Ne2+ 34. Kf1 Nxc1 35. d6 Nxa2 36. Bd5 Nb4 37. Bc4 a2 38. Bxa2 Nxa2 39. Ke2 Kf7 0-1

[Event "SWE-chT 1920 Elite"]
[Site "Sweden"]
[Date "2019.10.18"]
[Round "1.5"]
[White "Lagerborg, Krister"]
[Black "Fraenkel, Mikael Andersson"]
[Result "1/2-1/2"]
[WhiteElo "2141"]
[BlackElo "2040"]
[PlyCount "46"]
[EventDate "2019.10.18"]
[EventType "team-tourn"]
[EventRounds "9"]
[EventCountry "SWE"]
[SourceTitle "CBM 194 Extra"]
[Source "ChessBase"]
[SourceDate "2020.03.31"]
[SourceVersion "1"]
[SourceVersionDate "2020.03.31"]
[SourceQuality "1"]
[WhiteTeam "Farsta"]
[BlackTeam "Burgsvik Alva"]
[WhiteTeamCountry "SWE"]
[BlackTeamCountry "SWE"]

1. e4 c5 2. Nf3 Nc6 3. Nc3 g6 4. d4 cxd4 5. Nxd4 Bg7 6. Be3 Nf6 7. Bc4 Qa5 8. 0-0 0-0 9. Bb3 d6 10. h3 Bd7 11. f4 Rac8 12. Qf3 Qh5 13. Rad1 Bg4 14. hxg4 Nxg4 15. Qg3 Nxe3 16. Nxc6 Nxf1 17. Nxe7+ Kh8 18. Rxf1 Bd4+ 19. Rf2 Rxc3 20. bxc3 Qd1+ 21. Kh2 Qh5+ 22. Kg1 Qd1+ 23. Kh2 Qh5+ 1/2-1/2

[Event "Internet Section 06A g/8'+2\""]
[Site "Dos Hermanas"]
[Date "2004.03.06"]
[Round "8"]
[White "Bueker, Muhittin"]
[Black "Fraenkel, Mikael Andersson"]
[Result "1-0"]
[WhiteElo "1937"]
[BlackElo "2110"]
[PlyCount "81"]
[EventDate "2004.03.06"]
[EventType "swiss (blitz)"]
[EventRounds "9"]
[EventCountry "ESP"]
[SourceTitle "CBM 099 Extra"]
[Source "ChessBase"]
[SourceDate "2004.05.04"]
[SourceVersion "1"]
[SourceVersionDate "2004.05.04"]
[SourceQuality "1"]

1. d4 Nf6 2. c4 e6 3. Nc3 Bb4 4. Qc2 c5 5. e3 b6 6. Be2 Bb7 7. Nf3 0-0 8. 0-0 Bxc3 9. bxc3 Nc6 10. Rd1 Qe7 11. d5 Na5 12. e4 d6 13. e5 dxe5 14. d6 Qd8 15. Nxe5 Nd7 16. Bf4 f6 17. Nf3 e5 18. Be3 Ba6 19. Qe4 Bb7 20. Qh4 g6 21. Qh6 Rf7 22. h4 Nf8 23. h5 Rd7 24. hxg6 hxg6 25. Qh3 Rxd6 26. Nh4 Rxd1+ 27. Rxd1 Qe7 28. Qg4 Qe6 29. Qg3 Kg7 30. Bg4 Qf7 31. Bf5 Bc6 32. Bc2 Qe8 33. Nf5+ Kg8 34. Rd6 Nh7 35. Nh4 e4 36. Nxg6 Kf7 37. Qh4 Qg8 38. Rxc6 Nxc6 39. Bxe4 Rc8 40. Bd5+ Kg7 41. Qh6# 1-0

[Event "Nordic-chT U20"]
[Site "Viby"]
[Date "2002.09.08"]
[Round "3.10"]
[White "Fraenkel, Mikael Andersson"]
[Black "Poulsen, Morten Kjaer"]
[Result "0-1"]
[WhiteElo "2003"]
[BlackElo "2010"]
[PlyCount "60"]
[EventDate "2002.09.06"]
[EventType "team-tourn"]
[EventRounds "3"]
[EventCountry "DEN"]
[SourceTitle "EXT 2018"]
[Source "ChessBase"]
[SourceDate "2017.10.13"]
[SourceVersion "1"]
[SourceVersionDate "2017.10.13"]
[SourceQuality "1"]
[WhiteTeam "Sweden"]
[BlackTeam "Denmark"]
[WhiteTeamCountry "SWE"]
[BlackTeamCountry "DEN"]

1. e4 e5 2. Nc3 Nf6 3. Bc4 Nc6 4. f4 Bb4 5. d3 0-0 6. Nf3 d5 7. fxe5 Nxe4 8. dxe4 dxc4 9. Qe2 Bxc3+ 10. bxc3 Bg4 11. Bf4 Re8 12. Rd1 Qe7 13. Qxc4 Bxf3 14. gxf3 Nxe5 15. Bxe5 Qxe5 16. Rd5 Qf4 17. 0-0 Rad8 18. Rf2 c6 19. Rf5 Qc1+ 20. Kg2 Re6 21. f4 Qe3 22. h4 Rd2 23. Rxd2 Qxd2+ 24. Kf3 Qd1+ 25. Ke3 Qe1+ 26. Kf3 Qh1+ 27. Ke3 Qh3+ 28. Kd4 Qf3 29. Qd3 Rd6+ 30. Rd5 Qf2+ 0-1

[Event "Nordic-chT U20"]
[Site "Viby"]
[Date "2002.09.06"]
[Round "1.10"]
[White "Kovachev, Daniel Jakobsen"]
[Black "Fraenkel, Mikael Andersson"]
[Result "0-1"]
[WhiteElo "1682"]
[BlackElo "2003"]
[PlyCount "54"]
[EventDate "2002.09.06"]
[EventType "team-tourn"]
[EventRounds "3"]
[EventCountry "DEN"]
[SourceTitle "EXT 2018"]
[Source "ChessBase"]
[SourceDate "2017.10.13"]
[SourceVersion "1"]
[SourceVersionDate "2017.10.13"]
[SourceQuality "1"]
[WhiteTeam "Norway"]
[BlackTeam "Sweden"]
[WhiteTeamCountry "NOR"]
[BlackTeamCountry "SWE"]

1. e4 c5 2. Nf3 Nc6 3. d4 cxd4 4. Nxd4 g6 5. Be3 Bg7 6. c4 Nf6 7. Nc3 Ng4 8. Qxg4 Nxd4 9. 0-0-0 Nc6 10. Nb5 Qa5 11. Kb1 a6 12. Nd4 Nxd4 13. Bxd4 Bxd4 14. Rxd4 Qe1+ 15. Qd1 Qxf2 16. g3 0-0 17. c5 Rb8 18. Bc4 b5 19. cxb6 Rxb6 20. Rd2 Qc5 21. Qe2 d6 22. g4 Bb7 23. h4 Rb8 24. h5 Qe5 25. Bd3 Bxe4 26. Qxe4 Rxb2+ 27. Kc1 Qc3+ 0-1